000 00609nam a2200229Ia 4500
003 OSt
005 20221007074914.0
006 a|||||r|||| 00| 0
007 ta
008 221006b |||||||| |||| 00| 0 eng d
024 _a11,708
037 _cTextual
040 _aFLL
_cFLL
_beng
041 _2eng
_aeng
082 _aV2:12.N87, M8
100 _aChandrasekhar S. Ed.
245 0 _aIndian federalism and autonomy
260 _aNew Delhi
_bB.R.Pub India
_c1988
300 _ax,186p
_ccm.
942 _hV2:12.N87, M8
_cTEXL
_2CC
999 _c1154106
_d1154106